Studies in industrial psychology (Record no. 353731)

000 -LEADER
fixed length control field 00337cam a22001217a 4500
008 - FIXED-LENGTH DATA ELEMENTS--GENERAL INFORMATION
fixed length control field 180718b1973 xxu||||| |||| 00| 0 eng d
082 ## - DEWEY DECIMAL CLASSIFICATION NUMBER
Classification number K9 Si64
100 ## - MAIN ENTRY--PERSONAL NAME
Personal name Sinha, Durganand
245 ## - TITLE STATEMENT
Title Studies in industrial psychology
Statement of responsibility, etc. by Durganand Sinha
260 ## - PUBLICATION, DISTRIBUTION, ETC.
Place of publication, distribution, etc. Agra
Name of publisher, distributor, etc. Sri Ram Mehra
Date of publication, distribution, etc. 1973
300 ## - PHYSICAL DESCRIPTION
Extent 181p.
650 ## - SUBJECT ADDED ENTRY--TOPICAL TERM
Topical term or geographic name entry element Industrial psychology
Holdings
Withdrawn status Lost status Damaged status Not for loan Permanent Location Current Location Date acquired Full call number Barcode Date last seen Price effective from Koha item type
        Indian Institute of Public Administration Indian Institute of Public Administration 1993-12-06 K9 Si64 48537 2018-07-21 2018-07-21 Book

Powered by Koha